[Event "Polanica Zdroj op-E 56th"]
[Site "Polanica Zdroj"]
[Date "2020.08.21"]
[Round "7"]
[White "Tarawski, Adrian"]
[Black "Orzlowski, Patryk"]
[Result "1/2-1/2"]
[WhiteElo "1345"]
[BlackElo "1569"]
[PlyCount "75"]
[EventDate "2020.08.15"]
[EventType "swiss"]
[EventRounds "9"]
[EventCountry "POL"]
[SourceTitle "CBM 198 Extra"]
[Source "ChessBase"]
[SourceDate "2020.11.30"]
[SourceVersion "1"]
[SourceVersionDate "2020.11.30"]
[SourceQuality "1"]

1. d4 d5 2. Bf4 c5 3. e3 cxd4 4. exd4 Nc6 5. c3 Nf6 6. Bd3 Qb6 7. Qc2 Bg4 8. h3 Bh5 9. Nd2 Rc8 10. Ngf3 e6 11. 0-0 Bxf3 12. Nxf3 Be7 13. Qb3 Qxb3 14. axb3 0-0 15. Rfe1 Rfd8 16. Ne5 a6 17. b4 Nxe5 18. Bxe5 Rc6 19. b5 axb5 20. Bxb5 Rcc8 21. Ra7 Nd7 22. Bh2 Nf6 23. Rxb7 Bd6 24. Bxd6 Rxd6 25. Ra1 Rdd8 26. Raa7 Rf8 27. Kf1 Ra8 28. Rxf7 Rxa7 29. Rxa7 Rb8 30. c4 Ne4 31. Ke2 Nd6 32. Kd3 dxc4+ 33. Bxc4 Nxc4 34. Kxc4 Rxb2 35. Kc5 Rxf2 36. Kd6 Rxg2 37. Kxe6 Re2+ 38. Kd6 1/2-1/2